| 000 | 00744cam a22002413a 4500 | ||
|---|---|---|---|
| 999 |
_c2388 _d2388 |
||
| 005 | 20180413053454.0 | ||
| 008 | 950401s1995||||xxu|||||s|||||000 1 eng d | ||
| 040 |
_cAPEC Schools Library _erda |
||
| 041 | _aeng | ||
| 100 | 1 |
_aDoyle, Arthur Conan, _d 1859-1930 |
|
| 245 | 1 | 2 |
_aA Study in Scarlet / _cArthur Conan Doyle |
| 336 |
_2rdacontent _atext |
||
| 337 |
_2rdamedia _acomputer |
||
| 338 |
_2rdacarrier _aonline resource |
||
| 506 | _aPublic domain in the USA. | ||
| 516 | _aText | ||
| 653 | _aDetective and mystery stories | ||
| 653 | _aHolmes, Sherlock (Fictitious character) -- Fiction | ||
| 653 | _aEngland -- Fiction | ||
| 653 | _aPrivate investigators -- England -- Fiction | ||
| 655 | _aelectronic books | ||
| 856 | 4 | 0 | _uhttps://goo.gl/wuVhF6 |
| 942 |
_2ddc _cEBK |
||